| 000 | 00000nas 2200000za 4500 |
| 001 | 9.822236 |
| 003 | CaOODSP |
| 005 | 20221107143636 |
| 007 | cr ||||||||||| |
| 008 | 160809d19631974oncar p oss f000#b0fre|d |
| 040 | |aCaOODSP|bfre |
| 043 | |an-cn--- |
| 086 | 1 |aCS61-206F-PDF |
| 245 | 00|aInvestissements privés et publics au Canada, perspectives ..., revue de la mi-année |h[ressource électronique]. |
| 246 | 10|aInvestissements privés et publics au Canada, perspectives ..., revue de la mi-année et estimations d'ordre régional |
| 260 | |a[Ottawa : |bMinistère du commerce], |c1963-1974. |
| 310 | |aAnnuel |
| 362 | 0 |a1963-1974. |
| 500 | |aÉdition numérisée de l’imprimé [par Statistique Canada]. |
| 500 | |aLes livr. de 1968-1974 comportent le titre: Investissements privés et publics au Canada, perspectives, revue de la mi-année et estimations d'ordre régional. |
| 550 | |aPublié 1966-1968 par le Bureau fédéral de la statistique et le Ministère du commerce; 1969-1970 par le Bureau fédéral de la statistique et le Ministère de l'industrie et du commerce; 1971-1974 par Statistique Canada et le Ministère de l'industrie et du commerce. |
| 692 | 07|2gccst|aInvestissement |
| 710 | 1 |aCanada. |bBureau fédéral de la statistique. |
| 710 | 1 |aCanada. |bMinistère de l'industrie et du commerce. |
| 710 | 1 |aCanada. |bMinistère du commerce. |
| 775 | 08|tPrivate and public investment in Canada, outlook, mid-year review |w(CaOODSP)9.819377 |
| 785 | 00|tPrivate and public investment in Canada, outlook, mid-year review |w(CaOODSP)9.819393 |